| 000 | 00496nam a22001817a 4500 | ||
|---|---|---|---|
| 005 | 20160816110339.0 | ||
| 010 | _aENG-115757 | ||
| 020 |
_a9788130933726 _c250.00 |
||
| 035 | _aEN-99289 | ||
| 037 | _bDBAD/PUB | ||
| 082 | _a493 | ||
| 100 | _aAdrienne | ||
| 245 |
_aGerman in 32 lessons / _cby Adrienne |
||
| 260 |
_aNew Delhi _bViva Books _c2016 |
||
| 270 |
_a4737/23,Ansari Road,Daryaganj _bNew Delhi _e110002 |
||
| 300 |
_a253p. _c22cm(pbk) |
||
| 942 |
_2ddc _cEN _h493 _mADR |
||
| 999 |
_c102329 _d102329 |
||